00706nam a2200157 a 4500003000200000005001700002008004100019050002900060100001800089245019100107260009000298300004000388504004100428650002500469650005400494020250521073245.0030519s19uu xx 00 eng d aPHS BF 723.C5b.P37 2003 aPark, Se Hun. aDifficulties encountered and coping mechanism employed by mainstreamed students of the International Learning Center (ILC) if Southville International School and Colleges /cSe Hun Park. aLas Piñas City, Philippines :bSouthville International School and Colleges,c2003. a45 pages :billustrations ;c28 cm. aIncludes bibliographical references. aCoping (Psychology). aAdjustment (Psychology) in childrenzPhilippines.